Radnóti Miklós Tajtékos ég /
Elmentve itt :
| Szerző: | |
|---|---|
| További közreműködők: | |
| Dokumentumtípus: | Szakdolgozat |
| Tárgyszavak: | |
| Online Access: | http://diploma.bibl.u-szeged.hu/45918 |
| LEADER | 00516nta a2200145 i 4500 | ||
|---|---|---|---|
| 001 | dipl45918 | ||
| 005 | 20150116091001.0 | ||
| 008 | 150116suuuu hu om 0|| zxx d | ||
| 040 | |a SZTE Diploma Repozitórium |b hun | ||
| 041 | |a zxx | ||
| 100 | 1 | |a Kovács Piroska | |
| 245 | 1 | 0 | |a Radnóti Miklós |h [elektronikus dokumentum] : |b Tajtékos ég / |c Piroska Kovács |
| 650 | 4 | |a Bölcsészettudományok | |
| 700 | 1 | |a Vörös László |e ths | |
| 856 | 4 | 0 | |u http://diploma.bibl.u-szeged.hu/id/eprint/45918/1/xxxx_kovacs_piroska.pdf |z Dokumentum-elérés |